[Event "Canada Day op"]
[Site "Toronto CAN"]
[Date "1998.07.05"]
[Round "4"]
[White "Vucko, Ignac"]
[Black "Cohen, David"]
[Result "0-1"]
[WhiteElo "2022"]
[BlackElo "2011"]
[PlyCount "120"]
[GameId "2160767911872816"]
[EventDate "1998.07.03"]
[EventType "swiss"]
[EventRounds "5"]
[EventCountry "CAN"]

1. e4 c5 2. Nf3 d6 3. c4 Nc6 4. d3 Nf6 5. Bd2 e6 6. Bc3 Be7 7. Nbd2 Qc7 8. Be2 Bd7 9. Rc1 Rd8 10. O-O d5 11. exd5 exd5 12. cxd5 Nxd5 13. Ne4 Nxc3 14. Nxc3 Bf5 15. a3 O-O 16. Nb5 Qf4 17. Rc4 Qh6 18. d4 a6 19. Nc7 Rd7 20. d5 Rxc7 21. dxc6 Rxc6 22. Qc1 Qxc1 23. Rfxc1 b5 24. Nd4 Rc7 25. R4c3 Bg6 26. Nf3 Bf6 27. Rxc5 Rxc5 28. Rxc5 Bxb2 29. Rc6 Bxa3 30. Rxa6 b4 31. Ne5 Bb2 32. Nc4 Bc3 33. Rb6 Ra8 34. h3 Kf8 35. Kh2 Ra2 36. Bg4 Rxf2 37. Kg3 Be1 38. Kh2 Be4 39. Ne3 Bc3 40. Kg3 Ra2 41. Bf5 Bxf5 42. Nxf5 Be5+ 43. Kf3 f6 44. Rxb4 g6 45. Ne3 h5 46. Rb7 Ra3 47. Ke4 Ra4+ 48. Kd5 Rd4+ 49. Kc6 Rd6+ 50. Kc5 Rd2 51. Kc6 Bg3 52. Nd5 Rc2+ 53. Kd7 Kf7 54. Rb6 f5 55. Re6 Bh4 56. g3 Bxg3 57. Re7+ Kf8 58. Re8+ Kg7 59. Re7+ Kh6 60. Ne3 Rc7+ 0-1

[Event "Canada Day op"]
[Site "Toronto CAN"]
[Date "1998.07.05"]
[Round "5"]
[White "Cohen, David"]
[Black "Zambo, Victor"]
[Result "1-0"]
[WhiteElo "2011"]
[BlackElo "1897"]
[PlyCount "69"]
[GameId "2160767911872817"]
[EventDate "1998.07.03"]
[EventType "swiss"]
[EventRounds "5"]
[EventCountry "CAN"]

1. Nf3 Nf6 2. c4 g6 3. Nc3 Bg7 4. d4 d6 5. g3 O-O 6. Bg2 c6 7. O-O Nbd7 8. e4 e5 9. d5 Qc7 10. Be3 Re8 11. Rc1 Nf8 12. c5 dxc5 13. Bxc5 N8d7 14. Be3 c5 15. Nd2 a6 16. f4 b6 17. Nc4 Rb8 18. fxe5 Nh5 19. g4 Nxe5 20. d6 Qd8 21. Nxe5 Bxe5 22. gxh5 Qh4 23. Rf2 Bxh2+ 24. Kf1 Bg4 25. Qd5 Re6 26. d7 h6 27. Bxh6 Qe7 28. Bg5 Qd6 29. d8=Q+ Rxd8 30. Bxd8 Qxd5 31. Nxd5 Kg7 32. Bf6+ Kg8 33. hxg6 fxg6 34. Bd8 Re8 35. Nf6+ 1-0

[Event "Canada Day op"]
[Site "Toronto CAN"]
[Date "1998.07.05"]
[Round "5"]
[White "Day, Lawrence"]
[Black "O'Donnell, Tom"]
[Result "1-0"]
[WhiteElo "2434"]
[BlackElo "2428"]
[PlyCount "61"]
[GameId "2160767911872818"]
[EventDate "1998.07.03"]
[EventType "swiss"]
[EventRounds "5"]
[EventCountry "CAN"]

1. e4 c5 2. f4 Nc6 3. Nf3 g6 4. Bb5 Nd4 5. Nxd4 cxd4 6. c4 Bg7 7. d3 e6 8. Nd2 Ne7 9. Qf3 O-O 10. g4 d5 11. h4 a6 12. Ba4 b5 13. cxb5 axb5 14. Bxb5 Qa5 15. a4 Bb7 16. e5 f6 17. exf6 Rxf6 18. O-O e5 19. Nb3 Qb4 20. Qd1 Raf8 21. Bd2 Qd6 22. Qe1 R6f7 23. Bb4 Qe6 24. f5 gxf5 25. Nc5 Qg6 26. Nxb7 Qxg4+ 27. Kh2 Ng6 28. Qg3 Qh5 29. Bxf8 Bxf8 30. Nd8 Rf6 31. Rae1 1-0

[Event "Cape Breton Regional op"]
[Site "Cape Breton CAN"]
[Date "1998.01.18"]
[Round "4"]
[White "Leblanc, Gerald"]
[Black "Miletic, Damir"]
[Result "0-1"]
[WhiteElo "1971"]
[BlackElo "2022"]
[PlyCount "54"]
[GameId "2160767911874052"]
[EventDate "1998.01.17"]
[EventType "swiss"]
[EventRounds "4"]
[EventCountry "CAN"]

1. Nf3 Nf6 2. g3 c5 3. b3 Nc6 4. Bb2 d5 5. c4 d4 6. d3 e5 7. Bg2 Be7 8. O-O Bg4 9. Na3 Qd7 10. Nc2 Bh3 11. Re1 Bxg2 12. Kxg2 h5 13. e3 h4 14. exd4 hxg3 15. h4 gxf2 16. Rxe5 Qg4+ 17. Kxf2 Nxe5 18. dxe5 Nh5 19. Qh1 Qg3+ 20. Ke3 Qf4+ 21. Kf2 Qg3+ 22. Ke3 O-O-O 23. Rg1 Qf4+ 24. Kf2 Rxd3 25. Qh3+ Kb8 26. Bc1 Bxh4+ 27. Ke2 Qe4+ 0-1

[Event "Carnaval"]
[Site "Quebec CAN"]
[Date "1998.02.20"]
[Round "1"]
[White "St Amand, Paul Jr"]
[Black "Hebert, Marc"]
[Result "1-0"]
[WhiteElo "2131"]
[BlackElo "1764"]
[PlyCount "41"]
[GameId "2160767911873884"]
[EventDate "1998.02.20"]
[EventType "swiss"]
[EventRounds "5"]
[EventCountry "CAN"]

1. e4 e5 2. Nf3 Nc6 3. Bb5 Nf6 4. O-O d6 5. Re1 Bd7 6. c3 Be7 7. d4 O-O 8. h3 Nxd4 9. Nxd4 exd4 10. Bxd7 Nxd7 11. cxd4 Bf6 12. Bf4 Re8 13. Nc3 c5 14. Nb5 Bxd4 15. Nxd4 cxd4 16. Qxd4 Ne5 17. Rad1 Qf6 18. Bg3 Re6 19. f4 Ng6 20. f5 Qg5 21. Qe3 1-0

[Event "Carnaval"]
[Site "Quebec CAN"]
[Date "1998.02.21"]
[Round "3"]
[White "Hua, Lefong"]
[Black "Hebert, Marc"]
[Result "1-0"]
[WhiteElo "2222"]
[BlackElo "1764"]
[PlyCount "73"]
[GameId "2160767911873887"]
[EventDate "1998.02.20"]
[EventType "swiss"]
[EventRounds "5"]
[EventCountry "CAN"]

1. d4 Nf6 2. c4 e6 3. Nf3 d5 4. cxd5 exd5 5. Nc3 c6 6. Qc2 Be7 7. Bg5 Nbd7 8. e3 O-O 9. Bd3 h6 10. Bh4 Re8 11. O-O-O Ne4 12. Bg3 Nxc3 13. Qxc3 Nf6 14. Qc2 Bg4 15. h3 Bh5 16. Bf4 Bxf3 17. gxf3 Bf8 18. Rhg1 Kh8 19. Rg2 Qa5 20. Kb1 c5 21. dxc5 Qxc5 22. Qb3 Qb4 23. Bc2 Rad8 24. Qd3 Bd6 25. Rdg1 Bxf4 26. Rxg7 Bg5 27. Rxf7 Ne4 28. fxe4 dxe4 29. Qe2 Rd2 30. Qh5 Rxc2 31. Rh7+ Kxh7 32. Qf7+ Kh8 33. Qxe8+ Kh7 34. Qf7+ Kh8 35. Kxc2 Qb5 36. Rd1 Qc6+ 37. Kb1 1-0

[Event "Carnaval"]
[Site "Quebec CAN"]
[Date "1998.02.22"]
[Round "4"]
[White "Lemieux, Pierre"]
[Black "Hebert, Marc"]
[Result "1/2-1/2"]
[WhiteElo "1806"]
[BlackElo "1764"]
[PlyCount "48"]
[GameId "2160767911873888"]
[EventDate "1998.02.20"]
[EventType "swiss"]
[EventRounds "5"]
[EventCountry "CAN"]

1. d4 Nf6 2. Nf3 e6 3. Bf4 c5 4. c3 Qb6 5. Qc2 Nc6 6. e3 d5 7. Nbd2 Bd7 8. Be2 Rc8 9. Qb3 Qxb3 10. axb3 Nh5 11. Bg5 h6 12. Bh4 g5 13. Ne5 cxd4 14. Nxf7 Kxf7 15. Bxh5+ Kf6 16. Bg3 dxc3 17. bxc3 Bc5 18. O-O Rhf8 19. Nf3 a6 20. Rfd1 Be8 21. Bxe8 Rfxe8 22. Ra4 Red8 23. Kf1 Bd6 24. Bxd6 Rxd6 1/2-1/2

[Event "Carnaval"]
[Site "Quebec CAN"]
[Date "1998.02.22"]
[Round "5"]
[White "Hebert, Marc"]
[Black "Rouleau, Paul"]
[Result "1-0"]
[WhiteElo "1764"]
[BlackElo "1827"]
[PlyCount "27"]
[GameId "2160767911873891"]
[EventDate "1998.02.20"]
[EventType "swiss"]
[EventRounds "5"]
[EventCountry "CAN"]

1. d4 Nf6 2. c4 e6 3. Nf3 c5 4. e3 d5 5. Nc3 Nc6 6. Bd3 cxd4 7. exd4 Be7 8. O-O O-O 9. Re1 b6 10. cxd5 Nxd5 11. Nxd5 Qxd5 12. Qc2 g6 13. Be4 Qd7 14. Qxc6 1-0

[Event "Chemical Valley op"]
[Site "Sarnia CAN"]
[Date "1998.06.06"]
[Round "3"]
[White "Millman, Paul"]
[Black "Chiroiu, Patricia"]
[Result "*"]
[WhiteElo "1893"]
[BlackElo "1758"]
[PlyCount "68"]
[GameId "2160767911872918"]
[EventDate "1998.06.06"]
[EventType "swiss"]
[EventRounds "5"]
[EventCountry "CAN"]
[SourceTitle "CFC 1998.08"]

1. c4 c5 2. Nc3 Nc6 3. g3 g6 4. Bg2 Bg7 5. Nf3 Nf6 6. O-O O-O 7. d3 d6 8. a3 Bg4 9. Rb1 Qd7 10. Bd2 Bh3 11. b4 Bxg2 12. Kxg2 b6 13. Qc1 Rfe8 14. e4 Ng4 15. Ne2 Nge5 16. Ne1 Qe6 17. Bc3 Nxd3 18. Qe3 Nxe1+ 19. Rfxe1 Qxc4 20. Bxg7 Kxg7 21. Rec1 Qe6 22. Nf4 Qd7 23. h4 Kg8 24. h5 Ne5 25. hxg6 Nxg6 26. Nd5 Rac8 27. Rh1 Nf8 28. Qg5+ Kh8 29. Nf6 exf6 30. Qxf6+ Kg8 31. Qg5+ Ng6 32. Qh5 f6 33. Rbd1 Qg7 34. Rxd6 Nf4+ *

[Event "Christmas Day op"]
[Site "Toronto CAN"]
[Date "1998.12.26"]
[Round "1"]
[White "Milicevic, Goran"]
[Black "Cohen, David"]
[Result "1-0"]
[WhiteElo "2369"]
[BlackElo "2050"]
[PlyCount "93"]
[GameId "2160767911805994"]
[EventDate "1998.12.26"]
[EventType "swiss"]
[EventRounds "5"]
[EventCountry "CAN"]

1. d4 Nf6 2. Nc3 g6 3. e4 d6 4. f4 Bg7 5. e5 dxe5 6. dxe5 Qxd1+ 7. Kxd1 Ng4 8. Nd5 O-O 9. Ke1 Na6 10. Bxa6 bxa6 11. Nxe7+ Kh8 12. h3 Nh6 13. Nxc8 Rfxc8 14. g4 Rab8 15. Rh2 Ng8 16. c3 Ne7 17. Rd2 Kg8 18. Nf3 Kf8 19. Ng5 h6 20. Ne4 Ke8 21. b3 Rd8 22. c4 Nc6 23. Bb2 Rxd2 24. Kxd2 Rd8+ 25. Ke2 Nd4+ 26. Bxd4 Rxd4 27. Ke3 Rd8 28. h4 a5 29. Rb1 Bf8 30. Nf6+ Ke7 31. Ke2 Ke6 32. Rd1 Rxd1 33. Kxd1 Be7 34. Ke2 Ba3 35. Ke3 Bc5+ 36. Ke4 Bf8 37. f5+ gxf5+ 38. gxf5+ Ke7 39. Nh7 Ke8 40. Nxf8 Kxf8 41. Kd5 Ke7 42. Kc6 Kd8 43. c5 Kc8 44. e6 fxe6 45. fxe6 Kd8 46. e7+ Kxe7 47. Kxc7 1-0

[Event "Christmas Day op"]
[Site "Toronto CAN"]
[Date "1998.12.27"]
[Round "2"]
[White "Cohen, David"]
[Black "Duong, Brian"]
[Result "1-0"]
[WhiteElo "2050"]
[BlackElo "1958"]
[PlyCount "69"]
[GameId "2160767911805995"]
[EventDate "1998.12.26"]
[EventType "swiss"]
[EventRounds "5"]
[EventCountry "CAN"]

1. Nf3 d5 2. c4 d4 3. g3 g6 4. Bg2 Bg7 5. O-O Nf6 6. d3 O-O 7. Bf4 Nc6 8. Qd2 Re8 9. Ne5 Nxe5 10. Bxe5 Nh5 11. Bxg7 Kxg7 12. f4 e5 13. fxe5 Rxe5 14. Na3 c6 15. Nc2 Qe7 16. Rf2 c5 17. Raf1 f5 18. b4 Rb8 19. bxc5 Qxc5 20. g4 Nf6 21. h3 Be6 22. Qf4 Rd8 23. Bxb7 Rd6 24. Bd5 Rexd5 25. cxd5 Rxd5 26. Qd2 Nd7 27. Rc1 Qd6 28. Qf4 Ne5 29. Rb1 Qd8 30. Rb7+ Kg8 31. Nxd4 Bf7 32. gxf5 Nxd3 33. exd3 Rxd4 34. Rb8 Rxf4 35. Rxd8+ 1-0

[Event "Christmas Day op"]
[Site "Toronto CAN"]
[Date "1998.12.28"]
[Round "3"]
[White "Meng, Ang"]
[Black "Cohen, David"]
[Result "1-0"]
[WhiteElo "2173"]
[BlackElo "2050"]
[PlyCount "129"]
[GameId "2160767911805996"]
[EventDate "1998.12.26"]
[EventType "swiss"]
[EventRounds "5"]
[EventCountry "CAN"]

1. e4 e6 2. d3 d5 3. Nd2 c5 4. Ngf3 Nc6 5. g3 Nf6 6. Bg2 Be7 7. O-O O-O 8. e5 Nd7 9. Re1 Qc7 10. Qe2 b6 11. c3 Ba6 12. Nf1 Rac8 13. Bf4 Qb8 14. h4 Bd8 15. N1h2 Bc7 16. Rad1 Rce8 17. Bh3 Kh8 18. Kg2 f6 19. Ng4 Ncxe5 20. Ngxe5 Nxe5 21. Nxe5 Bxe5 22. Bxe5 fxe5 23. Qxe5 Qxe5 24. Rxe5 Rf6 25. f4 Kg8 26. f5 Bc8 27. Rde1 Ref8 28. fxe6 Re8 29. d4 Re7 30. Kg1 Bb7 31. dxc5 bxc5 32. c4 d4 33. Rxc5 Rf3 34. Rg5 d3 35. Bg2 d2 36. Rd1 Re3 37. Rxd2 R3xe6 38. Bxb7 Rxb7 39. Rgd5 Kf8 40. b3 Ke8 41. Kg2 Ke7 42. Kf3 Rf6+ 43. Ke4 Rf1 44. Re5+ Kf6 45. Rd6+ Kf7 46. Rf5+ Ke7 47. Rxf1 Kxd6 48. Kd4 a5 49. Kc3 Re7 50. Rd1+ Kc6 51. a3 g6 52. b4 axb4+ 53. axb4 h6 54. b5+ Kc7 55. c5 Re4 56. b6+ Kc6 57. Rb1 Kb7 58. c6+ Kb8 59. Rf1 Re8 60. Rf6 Rg8 61. Kc4 Kc8 62. Kc5 h5 63. b7+ Kc7 64. Rf7+ Kb8 65. Kb6 1-0

[Event "Christmas Day op"]
[Site "Toronto CAN"]
[Date "1998.12.29"]
[Round "4"]
[White "Cohen, David"]
[Black "Le, Ken"]
[Result "1-0"]
[WhiteElo "2050"]
[BlackElo "1832"]
[PlyCount "41"]
[GameId "2160767911805997"]
[EventDate "1998.12.26"]
[EventType "swiss"]
[EventRounds "5"]
[EventCountry "CAN"]

1. Nf3 g6 2. d4 b6 3. e4 c5 4. Bc4 Bb7 5. Nc3 Bg7 6. O-O cxd4 7. Nxd4 e5 8. Ndb5 Bf8 9. Nd5 Na6 10. Qf3 f6 11. Be3 d6 12. Rfd1 Rc8 13. Qe2 Bxd5 14. Bxd5 Nb4 15. Bb3 a6 16. Nc3 b5 17. a3 Nc6 18. a4 b4 19. Nd5 a5 20. Qb5 Nge7 21. Nxf6# 1-0

[Event "Christmas Day op"]
[Site "Toronto CAN"]
[Date "1998.12.30"]
[Round "5"]
[White "Cohen, David"]
[Black "Stroud, Mike"]
[Result "0-1"]
[WhiteElo "2050"]
[BlackElo "2169"]
[PlyCount "80"]
[GameId "2160767911805998"]
[EventDate "1998.12.26"]
[EventType "swiss"]
[EventRounds "5"]
[EventCountry "CAN"]

1. Nf3 Nf6 2. c4 e6 3. g3 b6 4. Bg2 Bb7 5. O-O d6 6. d4 Nbd7 7. Nc3 Be7 8. Qc2 O-O 9. e4 e5 10. d5 a5 11. Be3 Ng4 12. Rae1 Nxe3 13. Rxe3 Nc5 14. Nd2 Bf6 15. Ne2 Bc8 16. f4 Bg4 17. Nf3 exf4 18. gxf4 Re8 19. Ned4 Bxf3 20. Nxf3 g6 21. e5 Bg7 22. Nd4 dxe5 23. Nc6 Qd6 24. fxe5 Rxe5 25. Nxe5 Bxe5 26. Ref3 Bxh2+ 27. Kh1 f5 28. Bh3 Be5 29. Bxf5 gxf5 30. Qxf5 Ne4 31. Qf7+ Kh8 32. Rh3 Ng5 33. Qh5 Nxh3 34. Qxh3 Rf8 35. Rg1 Qf6 36. b3 Qf3+ 37. Qxf3 Rxf3 38. Rg5 Rh3+ 39. Kg2 Rh2+ 40. Kf3 Bd6 0-1

[Event "Concordia Summer"]
[Site "Kitchener CAN"]
[Date "1998.09.13"]
[Round "4"]
[White "Kuehl, Scott"]
[Black "Runstedler, Albert"]
[Result "1-0"]
[WhiteElo "2043"]
[BlackElo "2043"]
[PlyCount "85"]
[GameId "2160767911806470"]
[EventDate "1998.08.23"]
[EventType "tourn"]
[EventRounds "7"]
[EventCountry "CAN"]
[SourceTitle "CFC 1998.12"]
[Source "CFC"]
[SourceDate "1998.12.??"]
[SourceVersionDate "1998.12.??"]
[SourceQuality "1"]

1. d4 Nf6 2. c4 e6 3. g3 d5 4. Bg2 dxc4 5. Nf3 Nc6 6. Qa4 Bb4+ 7. Bd2 Bxd2+ 8. Nbxd2 O-O 9. Qxc4 Qd5 10. O-O a5 11. e3 Ra6 12. Rfc1 Rb6 13. Ne5 Nxe5 14. Qxc7 Qd8 15. Qxe5 Rxb2 16. Nc4 Rxf2 17. Qd6 Rxg2+ 18. Kxg2 b5 19. Qxd8 Bb7+ 20. Kg1 Rxd8 21. Nxa5 Be4 22. Nc6 Ra8 23. Na7 b4 24. Rc8+ Rxc8 25. Nxc8 Nd5 26. Nd6 f5 27. Nxe4 fxe4 28. Kf2 h5 29. a4 bxa3 30. Rxa3 Kf7 31. Ra8 Kg6 32. Rf8 Nf6 33. h3 Kf5 34. Ke2 Kg5 35. Kd2 Kg6 36. Rd8 Kg5 37. Rd6 Kf5 38. Kc3 Nd5+ 39. Rxd5+ exd5 40. Kb4 Ke6 41. Kc5 g5 42. Kc6 Kf5 43. Kxd5 1-0

[Event "Cornwall op"]
[Site "Cornwall CAN"]
[Date "1998.??.??"]
[Round "?"]
[White "Webb, Robert"]
[Black "Myers, Len"]
[Result "0-1"]
[WhiteElo "1760"]
[BlackElo "1750"]
[PlyCount "42"]
[GameId "2160767911874160"]
[EventDate "1998.??.??"]
[EventType "tourn"]
[EventRounds "5"]
[EventCountry "CAN"]
[SourceTitle "CFC 1999.02"]
[Source "CFC"]
[SourceDate "1999.02.??"]
[SourceVersionDate "1999.02.??"]
[SourceQuality "1"]

1. d4 Nf6 2. c4 g6 3. Nc3 Bg7 4. Nf3 d6 5. Bg5 O-O 6. e3 Nbd7 7. Be2 e5 8. O-O exd4 9. Nxd4 Qe8 10. Ndb5 Qd8 11. Rc1 a6 12. Nd4 Qe8 13. h3 Nc5 14. Nd5 Nxd5 15. cxd5 Qe5 16. Bf4 Qxd5 17. Bc4 Qe4 18. f3 Qe7 19. Qc2 g5 20. b4 gxf4 21. bxc5 Qxe3+ 0-1

[Event "Edmonton CC Dec op"]
[Site "Edmonton CAN"]
[Date "1998.12.03"]
[Round "1"]
[White "Ottosen, David"]
[Black "Nystrom, Kurtis"]
[Result "1-0"]
[WhiteElo "2073"]
[BlackElo "1679"]
[PlyCount "54"]
[GameId "2160767911806044"]
[EventDate "1998.12.03"]
[EventType "swiss"]
[EventRounds "3"]
[EventCountry "CAN"]

1. e4 e5 2. Nf3 Nc6 3. Bb5 a6 4. Ba4 Nf6 5. O-O Be7 6. Re1 O-O 7. c3 b5 8. Bc2 d6 9. h3 Bb7 10. d4 Re8 11. Nbd2 Bf8 12. Nf1 Nb8 13. Ng3 Nbd7 14. Bg5 Qc8 15. Qd2 d5 16. Bxf6 Nxf6 17. dxe5 Nxe4 18. Nxe4 dxe4 19. Bxe4 Bxe4 20. Rxe4 Qb7 21. Qf4 Rad8 22. Ng5 c5 23. Rae1 Re7 24. e6 f6 25. Nf7 Rd5 26. Nd6 Rg5 27. Nxb7 Rxb7 1-0

[Event "Edmonton CC Dec op"]
[Site "Edmonton CAN"]
[Date "1998.12.10"]
[Round "2"]
[White "Yamach, Ahmet"]
[Black "Ottosen, David"]
[Result "0-1"]
[WhiteElo "1883"]
[BlackElo "2073"]
[PlyCount "82"]
[GameId "2160767911806045"]
[EventDate "1998.12.03"]
[EventType "swiss"]
[EventRounds "3"]
[EventCountry "CAN"]

1. e4 e5 2. Nf3 Nc6 3. d4 exd4 4. Bc4 Bc5 5. O-O Nge7 6. Nbd2 O-O 7. Nb3 d6 8. Nfxd4 Nxd4 9. Nxd4 a6 10. Bg5 Qe8 11. Re1 h6 12. Bh4 Ng6 13. Bg3 Qa4 14. b3 Qe8 15. Nf5 Ne5 16. Bd3 Nxd3 17. Qxd3 Be6 18. c3 Qd7 19. Nd4 Rad8 20. Kh1 Bb6 21. f4 f5 22. Nxe6 Qxe6 23. Qd5 Qxd5 24. exd5 Rde8 25. Re6 Rxe6 26. dxe6 Re8 27. Re1 g5 28. fxg5 hxg5 29. h4 f4 30. Bh2 Bf2 31. Re2 Bxh4 32. Bg1 Kg7 33. Bd4+ Kg6 34. Kg1 Kf5 35. e7 g4 36. c4 Rxe7 37. Kf1 Rxe2 38. Kxe2 Ke4 39. Bg1 c6 40. Bh2 d5 41. cxd5 cxd5 0-1

[Event "Edmonton CC Dec op"]
[Site "Edmonton CAN"]
[Date "1998.12.17"]
[Round "3"]
[White "Ottosen, David"]
[Black "Hughey, Micah"]
[Result "0-1"]
[WhiteElo "2073"]
[BlackElo "2063"]
[PlyCount "62"]
[GameId "2160767911806046"]
[EventDate "1998.12.03"]
[EventType "swiss"]
[EventRounds "3"]
[EventCountry "CAN"]

1. g4 d5 2. Bg2 e5 3. c4 Bxg4 4. cxd5 Nf6 5. Nc3 Bd6 6. Qb3 Qc8 7. d3 O-O 8. Bg5 Nbd7 9. Rc1 Nc5 10. Qc4 Qf5 11. Be3 b6 12. h3 Bh5 13. Nf3 Rfe8 14. b4 Nb7 15. Nh4 Qd7 16. a3 a5 17. Nb5 axb4 18. axb4 Ra4 19. Nxd6 Qxd6 20. Nf5 Qd7 21. Qxc7 Qxf5 22. Qxb7 Rxb4 23. d6 Rb2 24. Bd2 h6 25. Qc7 Rxd2 26. Kxd2 Qg5+ 27. Kc2 Qxg2 28. d7 Nxd7 29. Qxd7 Ra8 30. Qf5 Qc6+ 31. Kd2 Ra2+ 0-1

[Event "Edmonton CC Oct op"]
[Site "Edmonton CAN"]
[Date "1998.10.01"]
[Round "1"]
[White "Dewindt, Cor"]
[Black "Ottosen, David"]
[Result "0-1"]
[WhiteElo "1668"]
[BlackElo "2070"]
[PlyCount "78"]
[GameId "2160767911806320"]
[EventDate "1998.10.01"]
[EventType "swiss"]
[EventRounds "5"]
[EventCountry "CAN"]

1. b4 c6 2. e3 Nh6 3. Bb2 d6 4. d4 f6 5. c4 g6 6. Nf3 Bg7 7. g3 O-O 8. Bg2 e5 9. O-O Bg4 10. Qd2 e4 11. Ne1 d5 12. c5 Qd7 13. f3 exf3 14. Bxf3 Re8 15. Ng2 Bxf3 16. Rxf3 Qg4 17. Rf4 Qe6 18. Na3 Nf7 19. Nc2 Ng5 20. Rff1 Qe4 21. Qe2 Nh3+ 22. Kh1 Nd7 23. Nce1 f5 24. Qf3 Nf6 25. Qxe4 Nxe4 26. Nd3 Nd2 27. Rfd1 Nc4 28. Bc1 Ng5 29. Nb2 Ne4 30. Kg1 Na3 31. Nd3 Nc2 32. Rb1 Nc3 33. Rb2 Nxd4 34. Rdd2 Nf3+ 35. Kf2 Nxd2 36. Rxd2 Ne4+ 37. Kf3 Nxd2+ 38. Bxd2 Rad8 39. a4 d4 0-1

[Event "Edmonton CC Oct op"]
[Site "Edmonton CAN"]
[Date "1998.10.08"]
[Round "2"]
[White "Ottosen, David"]
[Black "Rajski, Piotr"]
[Result "1-0"]
[WhiteElo "2070"]
[BlackElo "1770"]
[PlyCount "81"]
[GameId "2160767911806321"]
[EventDate "1998.10.01"]
[EventType "swiss"]
[EventRounds "5"]
[EventCountry "CAN"]

1. d4 Nf6 2. c4 g6 3. Nc3 d5 4. cxd5 Nxd5 5. e4 Nxc3 6. bxc3 Bg7 7. Nf3 O-O 8. Rb1 c5 9. Be2 Qa5 10. Bd2 Qxa2 11. O-O cxd4 12. cxd4 Nc6 13. Bc3 Qa3 14. Rb3 Qd6 15. e5 Qd5 16. Rb5 Qa2 17. d5 Rd8 18. Qd3 Bf5 19. Qc4 Qxc4 20. Bxc4 Nb8 21. Rxb7 Bf8 22. d6 Nd7 23. Ng5 e6 24. Ba5 Nc5 25. Rxf7 h6 26. Rxf5 gxf5 27. Bxd8 hxg5 28. Bxg5 Kf7 29. Be3 Nd7 30. f4 Nb6 31. Bxb6 axb6 32. Rb1 Rb8 33. Kf2 Bh6 34. Kf3 Bg7 35. h3 Bh6 36. g4 fxg4+ 37. hxg4 Bg7 38. Ke4 Bh6 39. f5 Bd2 40. Bxe6+ Ke8 41. Rh1 1-0

[Event "Edmonton CC Oct op"]
[Site "Edmonton CAN"]
[Date "1998.10.15"]
[Round "3"]
[White "Quiring, John"]
[Black "Ottosen, David"]
[Result "1-0"]
[WhiteElo "1956"]
[BlackElo "2070"]
[PlyCount "63"]
[GameId "2160767911806322"]
[EventDate "1998.10.01"]
[EventType "swiss"]
[EventRounds "5"]
[EventCountry "CAN"]

1. e4 d5 2. exd5 Nf6 3. Nf3 Nxd5 4. d4 Bg4 5. h3 Bf5 6. c4 Nb4 7. Qa4+ N8c6 8. Na3 e6 9. Be2 Nd3+ 10. Bxd3 Bxd3 11. Bd2 Qd7 12. Qb3 Be4 13. Qe3 Bxf3 14. Qxf3 Qxd4 15. Bc3 Bb4 16. O-O Bxc3 17. bxc3 Qc5 18. Nb5 Rc8 19. Qg3 O-O 20. Nxc7 Qxc4 21. Rab1 Na5 22. Nb5 Ra8 23. Rb4 Qxa2 24. Rg4 g6 25. Nd6 Qa3 26. h4 Rad8 27. Rd1 Rd7 28. h5 Qb3 29. Re1 f5 30. Rb4 f4 31. Qh3 Qxc3 32. Qxc3 1-0

[Event "Edmonton CC Oct op"]
[Site "Edmonton CAN"]
[Date "1998.10.22"]
[Round "4"]
[White "Ottosen, David"]
[Black "Hughey, Micah"]
[Result "1/2-1/2"]
[WhiteElo "2070"]
[BlackElo "2133"]
[PlyCount "136"]
[GameId "2160767911806323"]
[EventDate "1998.10.01"]
[EventType "swiss"]
[EventRounds "5"]
[EventCountry "CAN"]

1. e4 e5 2. Nf3 Nc6 3. d4 exd4 4. c3 d5 5. exd5 Qxd5 6. cxd4 Bb4+ 7. Nc3 Nf6 8. Be2 Ne4 9. Bd2 Bxc3 10. bxc3 Nxd2 11. Qxd2 O-O 12. O-O Bf5 13. Qb2 b6 14. Nd2 Rad8 15. Bf3 Qd7 16. Nc4 Bd3 17. Bxc6 Qxc6 18. Ne5 Qb5 19. Nxd3 Qxd3 20. Rad1 Qf5 21. Qa3 a5 22. Qa4 Rd6 23. Rde1 g6 24. Re5 Qd3 25. Re3 Qf5 26. Rfe1 Re6 27. Rxe6 fxe6 28. f3 Qd5 29. Re5 Qd6 30. Qc4 Rf6 31. Qe2 Kf7 32. Qe3 Rf5 33. Kf2 Rxe5 34. Qxe5 Qxe5 35. dxe5 Ke7 36. Ke3 Kd7 37. Kd4 Kc6 38. c4 b5 39. cxb5+ Kxb5 40. h4 Kb4 41. g4 c5+ 42. Kd3 c4+ 43. Kc2 Kc5 44. Kc3 Kd5 45. a4 Kxe5 46. Kxc4 Kf4 47. Kb5 Kxf3 48. Kxa5 e5 49. Kb5 e4 50. a5 e3 51. a6 e2 52. a7 e1=Q 53. a8=Q+ Qe4 54. Qa7 Qd5+ 55. Kb4 Qe4+ 56. Kb5 Qxg4 57. Qxh7 Kg3 58. Qe7 Kh3 59. Kc5 Qxh4 60. Qe6+ Qg4 61. Qe3+ Kh4 62. Qf2+ Qg3 63. Qd4+ Kh3 64. Qh8+ Kg4 65. Qd4+ Qf4 66. Qg1+ Kf5 67. Qb1+ Kf6 68. Qb6+ Kg5 1/2-1/2

[Event "Edmonton CC Oct op"]
[Site "Edmonton CAN"]
[Date "1998.10.29"]
[Round "5"]
[White "Nystrom, Kurtis"]
[Black "Ottosen, David"]
[Result "1/2-1/2"]
[WhiteElo "1660"]
[BlackElo "2070"]
[PlyCount "98"]
[GameId "2160767911806324"]
[EventDate "1998.10.01"]
[EventType "swiss"]
[EventRounds "5"]
[EventCountry "CAN"]

1. e4 c5 2. Nf3 Nc6 3. d4 cxd4 4. Nxd4 e5 5. Nb5 d6 6. c4 Be6 7. b3 a6 8. N5c3 Nf6 9. h3 Be7 10. Be3 O-O 11. Be2 Ne8 12. Nd5 Bg5 13. Bb6 Qd7 14. O-O f5 15. f4 exf4 16. Nbc3 Bxd5 17. Qxd5+ Kh8 18. Rad1 Ne7 19. Qd3 Qc6 20. Bf2 Bf6 21. Bf3 Bxc3 22. exf5 Qd7 23. Qxc3 Nxf5 24. Rfe1 Nf6 25. Qb4 Rf7 26. Qd2 g5 27. Bd4 Nxd4 28. Qxd4 Rd8 29. Bd5 Rff8 30. Re6 Kg7 31. Rde1 Rf7 32. R6e2 Rdf8 33. Bxf7 Rxf7 34. Re6 d5 35. cxd5 Qxd5 36. Qxd5 Nxd5 37. R6e5 Ne3 38. Rxg5+ Kf6 39. Rc5 Rd7 40. Kf2 Rg7 41. Rg1 Nf5 42. Rc3 Re7 43. Re1 Rd7 44. Rc2 h5 45. Rce2 Ne3 46. Rxe3 fxe3+ 47. Rxe3 Rd2+ 48. Re2 Rd3 49. Re3 Rxe3 1/2-1/2

[Event "Edmonton CC Summer op"]
[Site "Edmonton CAN"]
[Date "1998.08.06"]
[Round "1"]
[White "Kazakevich, Alexander"]
[Black "Ottosen, David"]
[Result "0-1"]
[WhiteElo "1629"]
[BlackElo "2111"]
[PlyCount "72"]
[GameId "2160767911806521"]
[EventDate "1998.08.06"]
[EventType "swiss"]
[EventRounds "4"]
[EventCountry "CAN"]

1. d4 d5 2. c4 c6 3. e3 Nf6 4. Nc3 e6 5. Nf3 Nbd7 6. Bd3 dxc4 7. Bxc4 b5 8. Bd3 a6 9. Bd2 c5 10. b3 Bb7 11. O-O Bd6 12. h3 O-O 13. dxc5 Nxc5 14. Be2 Rc8 15. Rc1 Qe7 16. Nd4 Bb8 17. Bf3 Qc7 18. g3 e5 19. Bxb7 Qxb7 20. Nf3 Rfd8 21. Qe2 Nd3 22. Rb1 Qd7 23. Rfd1 Qxh3 24. Qf1 Qxf1+ 25. Kxf1 Ng4 26. Ne4 f5 27. Ba5 fxe4 28. Bxd8 Rxd8 29. Rxd3 exd3 30. Rd1 Bc7 31. Ne1 e4 32. Ng2 Nh2+ 33. Kg1 Nf3+ 34. Kh1 Rd6 35. Nh4 Nxh4 36. gxh4 Rf6 0-1